| 000 | 01689nam a2200313 i 4500 | ||
|---|---|---|---|
| 001 | 41506 | ||
| 003 | ES-MaACL | ||
| 005 | 20250702060043.0 | ||
| 007 | t| | ||
| 008 | 030311s1876 sp ||||1| spa d | ||
| 080 | _a342.732(460)"18" | ||
| 080 | _a351.751(460)"18" | ||
| 080 | _a343.349(460)"18" | ||
| 100 | 1 |
_aSalmerón y Alonso, Nicolás, _d1838-1908 _9101996 |
|
| 245 | 1 | 3 |
_aUn caso entre mil o La prensa y la dictadura : _bdatos interesantes para la historia de España en el año de gracia de 1876 / _cpor un periodista viejo. |
| 260 |
_aMadrid : _b[s.n.], _c1876 ( _fImp. de "El Solfeo", a cargo de A. Iniesta) |
||
| 300 |
_a210 p. ; _c16 cm. |
||
| 505 | 8 | _aContiene: Introducción. Un caso entre mil . Decreto sobre imprenta . Circular sobre aplicación del decreto . Discurso pronunciado el día 27 de mayo de 1876, ante el Tribunal de imprenta de la Audiencia de Madrid y en defensa del periódico El Solfeo / por Don Nicolás Salmerón . Sentencia . Discurso pronunciado el día 2 de junio de 1876, ante el Tribunal de imprenta de la Audiencia de Madrid y en defensa del periódico El Solfeo / por D. Francisco Pi y Margall . Sentencia | |
| 530 | _aDisponible en formato digital. | ||
| 650 | 4 |
_aLibertad de prensa- _zEspaña- _yS.XIX. _914415 |
|
| 650 | 4 |
_aPrensa- _xDerecho- _zEspaña. _9171694 |
|
| 650 | 4 |
_aPrensa y política- _zEspaña- _yS.XIX. _9143587 |
|
| 700 | 1 |
_aPi y Margall, Francisco, _d1824-1901 _991732 |
|
| 740 | 3 | 2 | _aLa prensa y la dictadura. |
| 852 |
_aES-MaACL _jArmario18 _dOlim: F-10120 |
||
| 856 |
_uhttps://archive.org/details/uncasoentremill00unkngoog/page/n3/mode/2up _zInternet Archive |
||
| 942 | _2udc | ||
| 999 |
_c41506 _d41506 |
||